000 00603nam a2200229Ia 4500
003 OSt
005 20220928104619.0
006 a|||||r|||| 00| 0
007 ta
008 220927b |||||||| |||| 00| 0 eng d
024 _a54182
037 _cTextual
040 _aSDCL
_cSDCL
_beng
041 _2eng
_aeng
082 _aR6, M4
100 _aShastri Swami Dwarikadas
_9411343
245 0 _aSaddarsana Sutra Samgraha .
260 _aVaranasi
_bSudhi Prakashana
_c1984
300 _a294p.
_ccm.
942 _hR6, M4
_cTEXL
_2CC
999 _c727009
_d727009